000 00291nam a22001217a 4500
082 _a920
_bSRI/S
100 _aSRINIVAS,SYDNEY
245 _aSRINIVASA RAMANUJAN
260 _aBENGALURU
_bPRISM BOOKS PVT.LTD.
300 _a164/-
650 _aLIFE OF SRINIVASA RAMANUJA
_zBENGALURU
942 _cBK
999 _c5690
_d5690